00850pam a2200205 a 4500020002800000020003500028040000800063082002600071100002900097245009400126260004800220300003400268650002000302650001900322856006600341856006600407942000700473999001700480952014700497 a0803949138 (alk. paper) a0803949146 (pbk. : alk. paper) cDLC00a610 SAG 1995 A051 Or.1 aFriedemann, Marie-Luise.14aThe framework of systemic organization :ba conceptual approach to families and nursing / aThousand Oaks :bSage Publications,cc1995. axiv, 402 p. :bill. ;c24 cm. 0aFamily nursing. 0aFamily nursing42uhttp://www.loc.gov/catdir/enhancements/fy0655/95021327-d.html41uhttp://www.loc.gov/catdir/enhancements/fy0655/95021327-t.html cEK c14803d14803 0010406610_000000000000000_SAG_1995_A051_OR70967440aLBAbLBAcA051d2017-10-26o610 SAG 1995 A051 Or.pA06483r2017-10-26w2017-10-26yEK